000 00468nam a22001812 4500
001 0000004057
005 20170406115527.0
008 140807s xx 000 0 eng d
020 _a000000014397 :
_c$
040 _aYour Holding Symbol
_cYour Holding Symbol
100 1 _aFrancis,Dick.
245 1 0 _a10-Penalty.
250 _a ed.
260 _aNew york :
_bBCA,
_c1997.
300 _a271 p. ;
_c cm.
650 0 _aNOVEL.
908 _a140807
999 _c3900
_d3900